000 00278nam a2200109 4500
008 160702b xxu||||| |||| 00| 0 eng d
100 _91832
_a Parashar, P, N
245 _aSpoken English
260 _aNew Delhi
_bCommon Wealth
_c2005
300 _aSpoken English
942 _2ddc
_cBK
999 _c1536
_d1536